| 000 | 01648nam0a2200289 4500 | ||
|---|---|---|---|
| 001 | RU\NLR\bibl\952830 | ||
| 005 | 20260407073014.0 | ||
| 010 |
_a5-209-00747-2 _9100 |
||
| 021 |
_aRU _b2006-16267 _9803 |
||
| 035 | _a(NLR Aleph) 000940920 | ||
| 090 |
_a219288 _c219288 |
||
| 100 | _a20060523d2005 |||y0rusy50 ca | ||
| 101 | 0 | _arus | |
| 102 | _aRU | ||
| 105 | _ay ||||||||| | ||
| 200 | 1 |
_aПрограмма по русскому языку как иностранному _eпрофессиональный модуль _eвторой уровень владения русским языком в учебной и социально-профессиональной макросферах _eдля студентов, обучающихся в вузах медико-биологического профиля _fМ-во образования и науки Рос. Федерации, Рос. ун-т дружбы народов _g[И.К. Гапочка и др.] |
|
| 210 |
_aМосква _cИзд-во Российского университета дружбы народов _d2005 |
||
| 215 |
_a63, [1] c. _d29 |
||
| 606 | 1 |
_aРусский язык _xПреподавание нерусским _xВысшая школа _92157577 _3RU\NLR\auth\661298750 |
|
| 686 | _aЧ486.132 | ||
| 702 | 1 |
_4070 _8rus _7ca _aГапочка _bИ. К. _gИнна Константиновна _3RU\NLR\auth\7794417 _977343 |
|
| 712 | 0 | 2 |
_4570 _aРоссийский университет дружбы народов _3RU\NLR\AUTH\883055 _9277265 |
| 801 | 0 |
_aRU _bNLR _c20060523 _grcr |
|
| 801 | 1 |
_aRU _bNLR _c20060523 |
|
| 942 | _cBOOK | ||
| 980 | _aNB | ||